|
|
|
|
| LEADER |
00000ny a22000003n 4500 |
| 005 |
20110525122048.0 |
| 008 |
080729s2003 sp s 000 0 spa c |
| 020 |
|
|
|a 84-340-1427-O
|
| 035 |
|
|
|a 1789
|
| 040 |
|
|
|a UMA.RE
|d vLex
|
| 080 |
|
|
|a 352(460)(0.034)
|
| 090 |
|
|
|c 272
|d 272
|
| 100 |
1 |
|
|a Přez Lp̤ez, Jos ̌Luis
|
| 245 |
1 |
3 |
|a El ayuntamiento
|h [Recurso electrn̤ico]
|b gua̕ de organizacin̤ y participacin̤ /
|c Jos ̌Luis Přez Lp̤ez
|
| 256 |
|
|
|a Servicio en ln̕ea
|
| 260 |
|
|
|a [Madrid] :
|b Boletn̕ Oficial del Estado,
|c 2003
|
| 506 |
1 |
|
|a Contenido solo disponible en los productos indicados
|d vLex Global
|d vLex Global (Academic Edition, excluding Law Schools)
|d vLex Global (U.S. Academic Edition, Law Schools)
|d vLex Global (U.S. Academic Edition, excluding Law Schools)
|d vLex Global (Academic Edition, Law Schools)
|
| 650 |
0 |
4 |
|2 Tesauro vLex
|a Administrativo
|
| 650 |
0 |
4 |
|2 Tesauro vLex
|a Ayuntamientos
|
| 650 |
0 |
4 |
|2 Tesauro vLex
|a Competencias locales
|
| 710 |
2 |
|
|a Boletn̕ Oficial del Estado (Espaą)
|
| 740 |
0 |
|
|a vLex Libros (Servicios en ln̕ea)
|
| 856 |
4 |
0 |
|z Acceso restringido
|u http://vlex.com/source/ayuntamiento-organizaci-n-participacion-1789
|
| 942 |
|
|
|c BOOK
|
| 999 |
0 |
|
|a Administrative law
|b Madrid
|